European real estate strategic outlook (Record no. 83897)

MARC details
000 -LEADER
fixed length control field 01299cad a22002055a 4500
001 - CONTROL NUMBER
control field L155697
008 - FIXED-LENGTH DATA ELEMENTS--GENERAL INFORMATION
fixed length control field 120402s2012 xxk 000 0 eng d
035 ## - SYSTEM CONTROL NUMBER
System control number (Sirsi) u155697
041 0# - LANGUAGE CODE
Language code of text/sound track or separate title eng
110 2# - MAIN ENTRY--CORPORATE NAME
Corporate name or jurisdiction name as entry element RREEF Real Estate
9 (RLIN) 6033
245 00 - TITLE STATEMENT
Title European real estate strategic outlook
Remainder of title March 2012
Medium [electronic resource]
260 ## - PUBLICATION, DISTRIBUTION, ETC.
Place of publication, distribution, etc. [S.I]
Name of publisher, distributor, etc. RREEF
Date of publication, distribution, etc. 2012
490 #0 - SERIES STATEMENT
Series statement RREEF European Real Estate Strategic Outlook
Volume/sequential designation March 2012
520 ## - SUMMARY, ETC.
Summary, etc. The pace of economic activity has been slowing throughout much of Europe in recent months. The Eurozone fell into recession during the final quarter of 2011. This second recession is expected to be relatively moderate and short, lasting only two to three quarters. A gradual solution to the Eurozone crisis will emerge, following which Europe will enter a period of slow recovery.
520 ## - SUMMARY, ETC.
Summary, etc. Executive summary -- The economy -- Real estate performance -- Property market fundamentals -- Capital markets -- Office -- Retail -- Logistics -- Alternative sectors -- Investment opportunities by sector and risk -- Sustainability.
651 #4 - SUBJECT ADDED ENTRY--GEOGRAPHIC NAME
Geographic name Europe
690 ## - LOCAL SUBJECT ADDED ENTRY--TOPICAL TERM (OCLC, RLIN)
Topical term or geographic name as entry element Commercial property
9 (RLIN) 6227
856 40 - ELECTRONIC LOCATION AND ACCESS
Uniform Resource Identifier <a href="https://www.rreef.com/content/_media/Research_European_Real_Estate_Strategic_Outlook_March_2012.pdf">https://www.rreef.com/content/_media/Research_European_Real_Estate_Strategic_Outlook_March_2012.pdf</a>
Public note View this report at www.rreef.com
942 ## - ADDED ENTRY ELEMENTS (KOHA)
Suppress in OPAC 0
Holdings
Withdrawn status Lost status Source of classification or shelving scheme Damaged status Not for loan Home library Current library Shelving location Date acquired Total Checkouts Full call number Barcode Date last seen Copy number Price effective from Koha item type
    Dewey Decimal Classification     Virtual Virtual Online 02/04/2012   ONLINE PUBLICATION 155697-2001 06/08/2019 1 06/08/2019 Book